Second home use class proposed (Record no. 71984)

MARC details
000 -LEADER
fixed length control field 01125cam a2200217 4500
001 - CONTROL NUMBER
control field WB3904-09
008 - FIXED-LENGTH DATA ELEMENTS--GENERAL INFORMATION
fixed length control field 030129n2003 000 0 eng u
035 ## - SYSTEM CONTROL NUMBER
System control number (Sirsi) u121143
245 ## - TITLE STATEMENT
Title Second home use class proposed
260 ## - PUBLICATION, DISTRIBUTION, ETC.
Date of publication, distribution, etc. 2003
490 ## - SERIES STATEMENT
Series statement Planning (for the Natural and Built Environment)
Volume/sequential designation 24 January 2003, 1(1)
520 ## - SUMMARY, ETC.
Summary, etc. A separate use class for the country's 100 000 second homes and better guidance on the use of occupancy conditions are recommended by a new study "Second homes in rural areas" commissioned by the Countryside Agency. Second homes are just one of the factors causing housing problems in rural areas and restricting occupancy to local people is not the solution. Research note is available at http://www.countryside.gov.uk/publications/files/10012003122031_CRN54.pdf Publication details at http://www.countryside.gov.uk/publications/publication.asp?PublicationID=592
590 ## - LOCAL NOTE (RLIN)
Local note WB
650 ## - SUBJECT ADDED ENTRY--TOPICAL TERM
Topical term or geographic name entry element SECOND HOMES
650 ## - SUBJECT ADDED ENTRY--TOPICAL TERM
Topical term or geographic name entry element USE CLASSES
650 ## - SUBJECT ADDED ENTRY--TOPICAL TERM
Topical term or geographic name entry element OCCUPANCY CONDITIONS
650 ## - SUBJECT ADDED ENTRY--TOPICAL TERM
Topical term or geographic name entry element Affordable housing
9 (RLIN) 6215
650 ## - SUBJECT ADDED ENTRY--TOPICAL TERM
Topical term or geographic name entry element RURAL HOUSING
690 ## - LOCAL SUBJECT ADDED ENTRY--TOPICAL TERM (OCLC, RLIN)
Topical term or geographic name as entry element HOUSING
942 ## - ADDED ENTRY ELEMENTS (KOHA)
Suppress in OPAC 0
Holdings
Withdrawn status Lost status Source of classification or shelving scheme Damaged status Not for loan Home library Current library Shelving location Date acquired Total Checkouts Full call number Barcode Date last seen Copy number Price effective from Koha item type
    Dewey Decimal Classification     London London News article 29/01/2003   WB3904-09 121143-1001 06/08/2019 1 06/08/2019 News article